LDR 01099naa#a2200169#i#450# 001 EN\INFRA-M\bibl\99118 005 20260426191422.7 011 ## _a2500-0543 100 ## _a20250711b2025####ek#y0engy0150####ca 102 ## _aRU 200 1# _aPEDAGOGICAL ANALYSIS OF PREVENTION OF ASOCIAL BEHAVIOR IN MINORS IN HISTORICAL RETROSPECTIVE _eJournal article 210 1# _aMoscow _cINFRA-M Academic Publishing LLC. _d2025 215 ## _a16 с. 608 ## _aJournal article _2local 675 ## _aНародное образование. Воспитание. Обучение. Организация досуга. 37 _aВоспитание и обучение лиц, находящихся в особых социальных условиях, например социально привилегированных или социально ущемленных лиц, круглых сирот, внебрачных детей и т.д.; лиц, не ведущих оседлой жизни, например детей кочевников, моряков. 376.6 _z 700 #1 _aIsyutina _gOksana Vladimirovna 856 4# _azh-szf.ru _u